Acta de la primera sessió de constitució i ponència / Generalitat de Catalunya. Consell dels Interessos Econòmics de Catalunya

por Catalunya. Consell dels Interessos Econòmics de Catalunya

Publicado: Barcelona : (Imp. Casa Caritat) , 1932
Descripción Física: 58 p. ; 28 cm

MARC

LEADER 00000nam a2200000Ia 4500
001 9134
008 160829s1932 xx 000 0 cat d
080 |a M-3-326 
100 |a Catalunya. Consell dels Interessos Econòmics de Catalunya  |9 23167 
245 |a Acta de la primera sessió de constitució i ponència / Generalitat de Catalunya. Consell dels Interessos Econòmics de Catalunya 
260 |a Barcelona :  |b (Imp. Casa Caritat),  |c 1932 
300 |a 58 p. ;  |c 28 cm 
590 |a Hi ha un duplicat amb R. 1111: DUP-29 
650 |a Catalunya. Consell dels Interessos Econòmics de Catalunya  |9 23167 
901 |a Arxiu 
942 |n 1 
952 |0 0  |1 0  |4 0  |6 M3326  |7 1  |9 42567  |a Arxiu  |b Arxiu  |d 2016-12-01  |l 0  |o M-3-326  |p 9134  |r 2016-12-01 00:00:00  |w 2016-12-01  |y ARXIU 
999 |c 45072  |d 45072